00496nam a2200181 a 450000100060000000300090000600800410001502000150005604000280007108200180009910000300011724500370014726000400018430000110022449000230023565000220025865000340028016378CO-ViMGA141112s2004 ck r 000 u spa d a9583002984 aCO-ViMGAbspacCO-ViMGA04aCo863.44 G1721 aGarcía Giraldo, Alfredo10aErase una vez entre los Chibchas aBogotá : bPanAméricana, c1997 a116.p. aLiteratura juvenil14aANTOLOGIA CHIBCHA14aLITERATURA JUVENIL COLOMBIANA